000 00552nab a2200157Ia 4500
003 ES-SlBCS
005 20210601134126.0
008 140529s2013 xxu||||| |||| 00| 0 por d
041 _apor
100 1 _aHees Garré, Bárbara
_9213902
245 0 0 _aO pensamento humanista cristao e algumas reverberaçoes na pedagogia freireana
_c Bárbara Hees Garré, Paula Correa Henning
650 0 4 _aEducación
_986687
700 1 _aCorrea Henning, Paula
_9209225
773 0 _tEducaçao e Filosofia
_gvol. 27, nº. 53, 2013, págs. 275-296
_wRev1534
942 _cAR
999 _c607492
_d607492